000 00575nam a2200193Ia 4500
003 GCL
008 140319s9999 xx 000 0 ara d
040 _aGCL /
_cGCL
082 0 4 _a210.92
_bك ش
100 1 _aكمال محمد على
245 1 0 _aالشعراوى القيثارة الايمانية /
_cكمال محمد على
260 _a[S.N] :
_bالمطبعة العربية الحديثة ،
_c1989
300 _a241
490 _a
650 0 4 _aالاسلام
650 0 4 _aالعلماء المسلمون
650 0 4 _aالشعراوى
942 _2ddc
_cBK
999 _c54134
_d54134